[Event "OLNO 2223 SC Empor Potsdam - SC Weisse"]
[Site "?"]
[Date "2022.12.11"]
[Round "3.1"]
[White "Moeller, Hendrik"]
[Black "Penzold, Andreas"]
[Result "0-1"]
[WhiteElo "2290"]
[BlackElo "2362"]
[PlyCount "90"]
[EventDate "2022.??.??"]

1. c4 Nf6 2. g3 e5 3. Bg2 c6 4. d4 d6 5. Nc3 Be7 6. dxe5 dxe5 7. Qc2 Be6 8. b3 O-O 9. Bb2 Re8 10. Nf3 Nfd7 11. O-O a5 12. Rfd1 Qc7 13. Ne4 f6 14. a3 Na6 15. Rac1 Ndc5 16. Nfd2 Qb6 17. Nxc5 Nxc5 18. Bc3 Na6 19. Be4 h6 20. Bh7+ Kh8 21. Ra1 Nc5 22. Bg6 Red8 23. b4 axb4 24. axb4 Rxa1 25. Rxa1 Na6 26. b5 Nb4 27. Qb2 c5 28. Be4 Bd6 29. Ra4 Qc7 30. Ra7 Rb8 31. Qa1 f5 32. Bg2 Kh7 33. Kf1 e4 34. g4 e3 35. gxf5 Bxf5 36. Ne4 Bxh2 37. Bf3 Qf4 38. fxe3 Qxe3 39. Kg2 Bxe4 40. Kxh2 Bxf3 41. exf3 Qf2+ 42. Kh1 Qxf3+ 43. Kg1 Qg3+ 44. Kh1 Nd3 45. Ra8 Nf2# 0-1

[Event "OLNO 2223 SC Empor Potsdam - SC Weisse"]
[Site "?"]
[Date "2022.12.11"]
[Round "3.2"]
[White "Tschernatsch, Johannes"]
[Black "Waldmann, Hans-Joachim"]
[Result "1-0"]
[WhiteElo "2278"]
[BlackElo "2300"]
[PlyCount "111"]
[EventDate "2022.??.??"]

1. e4 Nf6 2. e5 Nd5 3. d4 d6 4. Nf3 Bg4 5. Be2 Nc6 6. O-O dxe5 7. Nxe5 Bxe2 8. Qxe2 Nxe5 9. dxe5 Qd7 10. Rd1 O-O-O 11. Qf3 Qe6 12. c4 Nb4 13. Rxd8+ Kxd8 14. Na3 Kc8 15. Bf4 g5 16. Bxg5 Bg7 17. Bxe7 Nc6 18. Bf6 Nxe5 19. Bxe5 Bxe5 20. g3 Qf6 21. Qg4+ Kb8 22. Nc2 Rd8 23. Ne3 Bxb2 24. Nd5 h5 25. Qe2 Qe5 26. Qxe5 Bxe5 27. Re1 Bd4 28. Re7 c6 29. Nf4 Bc5 30. Rxf7 a5 31. Nxh5 a4 32. Nf6 Rd1+ 33. Kg2 Bd4 34. Ne4 Ra1 35. Rd7 c5 36. Nd6 Rxa2 37. Nb5 Rxf2+ 38. Kh3 Kc8 39. Rc7+ Kd8 40. Rxb7 Rb2 41. Ra7 Rb4 42. Nd6 Rb6 43. Nb5 Rh6+ 44. Kg2 Rf6 45. Nxd4 cxd4 46. Rxa4 d3 47. Ra2 Kc7 48. Rd2 Rd6 49. Kf3 Kc6 50. Ke4 Kc5 51. Rxd3 Re6+ 52. Kf5 Re2 53. h4 Kxc4 54. Rd7 Kc5 55. g4 Kc6 56. Rd3 1-0

[Event "OLNO 2223 SC Empor Potsdam - SC Weisse"]
[Site "?"]
[Date "2022.12.11"]
[Round "3.3"]
[White "Kyritz, Michael"]
[Black "Tiarks, Jann-Christian"]
[Result "1/2-1/2"]
[WhiteElo "2192"]
[BlackElo "2197"]
[PlyCount "52"]
[EventDate "2022.??.??"]

1. b3 e5 2. Bb2 Nc6 3. c4 Nf6 4. Nc3 d5 5. cxd5 Nxd5 6. g3 Be6 7. Bg2 Be7 8. Nf3 O-O 9. O-O Nxc3 10. Bxc3 Bf6 11. d3 Bd5 12. Qc2 Nd4 13. Bxd4 exd4 14. Nd2 c6 15. Qb2 Bxg2 16. Kxg2 Qd5+ 17. Nf3 Rfe8 18. Rac1 Re6 19. b4 Rae8 20. Rfe1 Qd7 21. Rc5 Rd6 22. b5 cxb5 23. Rxb5 b6 24. a4 Rd5 25. Rc1 h6 26. Rc2 Re6 1/2-1/2

[Event "OLNO 2223 SC Empor Potsdam - SC Weisse"]
[Site "?"]
[Date "2022.12.11"]
[Round "3.4"]
[White "Jaeger, Uwe"]
[Black "Gelman, Josef"]
[Result "1/2-1/2"]
[WhiteElo "2224"]
[BlackElo "2081"]
[PlyCount "61"]
[EventDate "2022.??.??"]

1. e4 c6 2. d4 d5 3. exd5 cxd5 4. Bd3 Nc6 5. c3 Nf6 6. Bf4 Bg4 7. Qb3 Qb6 8. Nd2 e6 9. Ngf3 Bxf3 10. Nxf3 Be7 11. h3 Qxb3 12. axb3 O-O 13. O-O Ne4 14. Rfe1 Bd6 15. Bxd6 Nxd6 16. b4 a6 17. Nd2 a5 18. bxa5 Nxa5 19. b4 Nac4 20. Bxc4 dxc4 21. Kf1 h6 22. f3 Nb5 23. Nxc4 Nxc3 24. Nb6 Rxa1 25. Rxa1 Rd8 26. Rc1 Nb5 27. d5 exd5 28. Rc5 Nd4 29. Rxd5 Rxd5 30. Nxd5 Kf8 31. Kf2 1/2-1/2

[Event "OLNO 2223 SC Empor Potsdam - SC Weisse"]
[Site "?"]
[Date "2022.12.11"]
[Round "3.5"]
[White "Hoegy, Kevin"]
[Black "Trenner, Rolf"]
[Result "1/2-1/2"]
[WhiteElo "2242"]
[BlackElo "2139"]
[PlyCount "104"]
[EventDate "2022.??.??"]

1. Nf3 d5 2. d4 Bf5 3. Bf4 e6 4. e3 Bd6 5. Bg3 Nf6 6. c4 Ne4 7. Qb3 b6 8. Nc3 c6 9. Nxe4 Bxe4 10. Bd3 Bxd3 11. Qxd3 Bb4+ 12. Ke2 O-O 13. Rac1 Nd7 14. cxd5 cxd5 15. Qb5 Be7 16. Rc7 Nf6 17. Rhc1 Ne4 18. Qa6 Bd6 19. Rxa7 Rxa7 20. Qxa7 Bxg3 21. hxg3 g5 22. Qc7 Qa8 23. Kf1 Qxa2 24. Qxb6 h5 25. Kg1 Kg7 26. Qb7 Qa5 27. Qe7 Qd8 28. Qxd8 Rxd8 29. b4 Rb8 30. Rb1 f6 31. Ne1 Rb6 32. Nd3 Kf7 33. Ra1 Kg6 34. Kh2 Rc6 35. f3 Nd2 36. Nc5 Rb6 37. Nd3 Rc6 38. Rc1 Rxc1 39. Nxc1 Nf1+ 40. Kg1 Nxe3 41. b5 Nc4 42. Nd3 Kf5 43. Nb4 Nb6 44. Kf2 e5 45. Ke3 Ke6 46. Kd3 Kd6 47. Nc6 Nc4 48. Nb4 Nb6 49. Nc2 Nc4 50. Nb4 Nb6 51. Nc2 Nc4 52. Nb4 Nb6 1/2-1/2

[Event "OLNO 2223 SC Empor Potsdam - SC Weisse"]
[Site "?"]
[Date "2022.12.11"]
[Round "3.6"]
[White "Bachmann, Volker"]
[Black "Uhl, Heinz"]
[Result "1/2-1/2"]
[WhiteElo "2092"]
[BlackElo "2140"]
[PlyCount "90"]
[EventDate "2022.??.??"]

1. d4 c5 2. d5 e6 3. c4 exd5 4. cxd5 d6 5. e4 Ne7 6. Nc3 Ng6 7. f4 Be7 8. Nf3 Bf6 9. Be3 O-O 10. Bd3 Bg4 11. O-O a6 12. a4 Qb6 13. Qd2 Nd7 14. Rab1 Bd4 15. f5 Bxf3 16. fxg6 fxg6 17. a5 Qa7 18. Rxf3 Rxf3 19. gxf3 c4 20. Kf2 cxd3 21. Qxd3 Bc5 22. b4 Ne5 23. Qe2 Ng4+ 24. fxg4 Rf8+ 25. Kg2 Bxe3 26. Nd1 Bg5 27. Qc4 Qb8 28. Rb2 Rf4 29. h3 Qe8 30. Re2 h5 31. Nf2 Qf7 32. Nd3 Rf1 33. Rf2 Rxf2+ 34. Nxf2 Bh4 35. Nd3 hxg4 36. Qc8+ Kh7 37. Qxg4 Qf6 38. Qf4 Bg5 39. Qg3 Bh6 40. e5 Qf5 41. exd6 Qxd5+ 42. Kf1 Qd4 43. Ke2 Qe4+ 44. Kd1 Be3 45. Nc5 Qd5+ 1/2-1/2

[Event "OLNO 2223 SC Empor Potsdam - SC Weisse"]
[Site "?"]
[Date "2022.12.11"]
[Round "3.7"]
[White "Mahn, Franko"]
[Black "Piersig, Hans-Juergen"]
[Result "1/2-1/2"]
[WhiteElo "2130"]
[BlackElo "2103"]
[PlyCount "42"]
[EventDate "2022.??.??"]

1. d4 Nf6 2. Nf3 g6 3. c4 Bg7 4. Nc3 d6 5. e4 O-O 6. Be2 e5 7. O-O Nc6 8. d5 Ne7 9. b4 Nh5 10. c5 Nf4 11. Bxf4 exf4 12. Rc1 h6 13. cxd6 cxd6 14. Nd4 a6 15. Qd2 Qb6 16. Nc2 Bd7 17. a3 Rac8 18. Na1 g5 19. Nb3 Ng6 20. Na5 Ne5 21. Rc2 Rc7 1/2-1/2

[Event "OLNO 2223 SC Empor Potsdam - SC Weisse"]
[Site "?"]
[Date "2022.12.11"]
[Round "3.8"]
[White "Puhlmann, Rainer"]
[Black "Abraham, Ingo"]
[Result "1/2-1/2"]
[WhiteElo "2090"]
[BlackElo "2204"]
[PlyCount "43"]
[EventDate "2022.??.??"]

1. Nf3 Nf6 2. c4 g6 3. Nc3 Bg7 4. g3 O-O 5. Bg2 d6 6. O-O e5 7. d3 Nc6 8. Rb1 a5 9. a3 Nd4 10. Ne1 c6 11. b4 axb4 12. axb4 d5 13. cxd5 Nxd5 14. Nxd5 cxd5 15. Nf3 Nb5 16. Bb2 f6 17. Ra1 Rxa1 18. Qxa1 Bd7 19. Nd2 Bc6 20. Qa2 Kh8 21. Qb3 Qd6 22. Nb1 1/2-1/2

[Event "OLNO 2223 USC Viadrina Frankfurt/O - SC"]
[Site "?"]
[Date "2022.12.11"]
[Round "3.1"]
[White "Szelag, Marcin"]
[Black "Lippert, Daniel"]
[Result "1/2-1/2"]
[WhiteElo "2398"]
[BlackElo "2001"]
[PlyCount "131"]
[EventDate "2022.??.??"]

1. e4 c5 2. Nf3 Nc6 3. d4 cxd4 4. Nxd4 Nf6 5. Nc3 e5 6. Ndb5 d6 7. Bg5 a6 8. Na3 b5 9. Bxf6 gxf6 10. Nd5 f5 11. c3 Bg7 12. Bd3 Be6 13. Qh5 O-O 14. O-O f4 15. Nc2 f5 16. Ncb4 Nxb4 17. Nxb4 Qd7 18. exf5 Bxf5 19. Bxf5 Rxf5 20. Qf3 Re8 21. Rfe1 Qf7 22. Rad1 Qg6 23. Nxa6 e4 24. Rxe4 Rfe5 25. Rxe5 dxe5 26. Nc5 e4 27. Qxf4 e3 28. fxe3 Bh6 29. Qc7 Qh5 30. Qd7 Bxe3+ 31. Kh1 Bxc5 32. h3 Ba7 33. Qd5+ Qxd5 34. Rxd5 Bb8 35. Kg1 Kf7 36. Kf2 Re5 37. Rd7+ Kg6 38. Rb7 Bd6 39. Rb6 Rd5 40. Ke3 Kf5 41. g4+ Ke6 42. b4 h5 43. a4 hxg4 44. hxg4 Re5+ 45. Kf3 bxa4 46. Ra6 Re1 47. c4 Rg1 48. c5 Rg3+ 49. Ke2 Rxg4 50. Rxd6+ Ke7 51. Rb6 a3 52. Kd3 a2 53. Ra6 Rxb4 54. Rxa2 Kd7 55. Kc3 Rh4 56. Ra6 Kc7 57. Rd6 Rg4 58. Rd4 Rxd4 59. Kxd4 Kc6 60. Kc4 Kc7 61. Kd5 Kd7 62. c6+ Kc7 63. Kc5 Kc8 64. Kb6 Kb8 65. c7+ Kc8 66. Kc6 1/2-1/2

[Event "OLNO 2223 USC Viadrina Frankfurt/O - SC"]
[Site "?"]
[Date "2022.12.11"]
[Round "3.2"]
[White "Woithe, Daniel"]
[Black "Tomczak, Rafal"]
[Result "1/2-1/2"]
[WhiteElo "2060"]
[BlackElo "2306"]
[PlyCount "89"]
[EventDate "2022.??.??"]

1. Nf3 d5 2. g3 g6 3. Bg2 Bg7 4. d4 c6 5. O-O Nf6 6. b3 O-O 7. Bb2 Na6 8. Nbd2 Nc7 9. c4 e6 10. Ne5 a5 11. Qc2 a4 12. e4 Re8 13. b4 a3 14. Bc3 Nd7 15. f4 Nb6 16. Rad1 f6 17. c5 Na4 18. Nef3 Nxc3 19. Qxc3 Nb5 20. Qc2 e5 21. dxe5 fxe5 22. fxe5 Be6 23. Nc4 Qe7 24. exd5 Bxd5 25. Nb6 Bxf3 26. Bxf3 Rad8 27. Rxd8 Rxd8 28. Nc4 Bxe5 29. Nxa3 Nxa3 30. Qb3+ Kg7 31. Qxa3 Rd2 32. Qb3 Rb2 33. Qc4 Qd7 34. Bg2 Qd4+ 35. Qxd4 Bxd4+ 36. Kh1 Rxb4 37. Rc1 Rb5 38. Bf1 Ra5 39. Rd1 Ra4 40. Bh3 Bxc5 41. Rd7+ Kf6 42. Rxb7 Rxa2 43. Rc7 Ra6 44. Bd7 Bd6 45. Rxc6 1/2-1/2

[Event "OLNO 2223 USC Viadrina Frankfurt/O - SC"]
[Site "?"]
[Date "2022.12.11"]
[Round "3.3"]
[White "Neumeier, Lars"]
[Black "Noack, Thomas"]
[Result "1/2-1/2"]
[WhiteElo "2296"]
[BlackElo "1992"]
[PlyCount "116"]
[EventDate "2022.??.??"]

1. d4 d5 2. Nf3 Nf6 3. c4 dxc4 4. e3 Be6 5. Na3 g6 6. Nxc4 Bg7 7. Be2 O-O 8. O-O Nbd7 9. b4 c6 10. Bb2 Nb6 11. Na5 Rb8 12. a3 Bd5 13. Rc1 Nc8 14. Qc2 Nd6 15. Ne5 Rc8 16. Rfd1 Nd7 17. Bd3 f6 18. Nec4 b6 19. Nxd6 exd6 20. e4 bxa5 21. exd5 cxd5 22. Qb3 Nb6 23. bxa5 Nc4 24. Bxc4 dxc4 25. Rxc4 Kh8 26. Bc3 Qd7 27. Bb4 Rfe8 28. Rxc8 Rxc8 29. Qd5 Bf8 30. h3 Kg7 31. Re1 Rb8 32. Kh2 Rb5 33. Qa8 Qc7 34. Re8 d5+ 35. g3 Bxb4 36. Rg8+ Kh6 37. axb4 Qc2 38. Qf8+ Kg5 39. h4+ Kf5 40. Kh3 Qxf2 41. Qc8+ Ke4 42. Re8+ Kd3 43. Qc1 Rxb4 44. Qa3+ Kc4 45. Rc8+ Kb5 46. Rc5+ Ka6 47. Qd3+ Kb7 48. Rxd5 Rb2 49. Rd7+ Kc8 50. Rxh7 Qg2+ 51. Kg4 f5+ 52. Kg5 Qc6 53. Qa3 Qc1+ 54. Kxg6 Rb6+ 55. axb6 Qxa3 56. bxa7 Qxg3+ 57. Kxf5 Qd3+ 58. Ke5 Qe3+ 1/2-1/2

[Event "OLNO 2223 USC Viadrina Frankfurt/O - SC"]
[Site "?"]
[Date "2022.12.11"]
[Round "3.4"]
[White "Grabowski, Jan"]
[Black "Dauth, Benjamin"]
[Result "0-1"]
[WhiteElo "1923"]
[BlackElo "2231"]
[PlyCount "114"]
[EventDate "2022.??.??"]

1. d4 c5 2. e3 cxd4 3. exd4 d5 4. Bd3 Nc6 5. Ne2 Bg4 6. f3 Bd7 7. c3 g6 8. Qb3 Bc8 9. Bf4 Bg7 10. Na3 a6 11. h4 b5 12. h5 Na5 13. Qc2 Nc4 14. hxg6 hxg6 15. Rxh8 Bxh8 16. O-O-O Be6 17. Rh1 Bf6 18. g4 Qa5 19. Qb3 g5 20. Bd2 Rc8 21. Nc2 Qb6 22. a3 Na5 23. Qa2 Nc6 24. Kd1 Na5 25. Rh5 Qd6 26. Ne3 Nc4 27. Nxc4 bxc4 28. Bh7 Kd7 29. Qb1 Rb8 30. Qc2 Kc6 31. Be1 Bd7 32. Bg3 e5 33. Qa4+ Kc7 34. Qa5+ Kc8 35. Bxg8 Rb5 36. dxe5 Bxe5 37. Bxe5 Qxe5 38. Qxa6+ Kd8 39. Rh6 Ke7 40. Bh7 Rxb2 41. Bc2 Rxc2 42. Kxc2 Qxe2+ 43. Kc1 Qe3+ 44. Kc2 Qd3+ 45. Kb2 Qd2+ 46. Kb1 Qd1+ 47. Ka2 Qc2+ 48. Ka1 Qxc3+ 49. Ka2 Qb3+ 50. Ka1 Be6 51. Qa7+ Kd6 52. Qa6+ Ke5 53. Qa7 c3 54. Qc7+ Kd4 55. Qa7+ Kd3 56. Qa6+ Ke3 57. Rh2 Qd1+ 0-1

[Event "OLNO 2223 USC Viadrina Frankfurt/O - SC"]
[Site "?"]
[Date "2022.12.11"]
[Round "3.5"]
[White "Bruchmann, Stephan"]
[Black "Mueller, Thorsten"]
[Result "0-1"]
[WhiteElo "2218"]
[BlackElo "1976"]
[PlyCount "114"]
[EventDate "2022.??.??"]

1. e4 c6 2. d4 d5 3. e5 Bf5 4. Nf3 e6 5. Be2 Nd7 6. O-O Ne7 7. Nh4 c5 8. c3 Bxb1 9. Rxb1 Nc6 10. Nf3 Be7 11. a3 c4 12. Qe1 b5 13. Bd1 Nb6 14. Qe2 a5 15. b3 b4 16. bxc4 dxc4 17. axb4 axb4 18. cxb4 Nxb4 19. Bd2 N4d5 20. Qe4 O-O 21. Bc2 g6 22. Qg4 Re8 23. h4 Ra2 24. Be4 Bf8 25. Ra1 f5 26. exf6 Nxf6 27. Qf4 Rxa1 28. Rxa1 Nxe4 29. Qxe4 Qd5 30. Qe3 Qf5 31. Ne5 Nd5 32. Qg3 Rc8 33. Bg5 Bd6 34. Re1 c3 35. h5 c2 36. hxg6 hxg6 37. Bc1 Kg7 38. Qb3 Rc3 39. Qa4 Rc7 40. Qa6 Bb4 41. Rf1 Bc3 42. g4 Qe4 43. Qd3 Qxd3 44. Nxd3 Bxd4 45. Kg2 Rc3 46. Nf4 Nxf4+ 47. Bxf4 Kf6 48. Re1 e5 49. Bc1 Ke6 50. Kf1 Kd5 51. Ke2 Kc4 52. Rh1 Rd3 53. Rf1 e4 54. Rh1 Rf3 55. Rh2 Kb3 56. Rg2 Ka2 57. Bg5 Kb2 0-1

[Event "OLNO 2223 USC Viadrina Frankfurt/O - SC"]
[Site "?"]
[Date "2022.12.11"]
[Round "3.6"]
[White "Ketelhoehn, Bernd"]
[Black "Mueller, Michael"]
[Result "1/2-1/2"]
[WhiteElo "1910"]
[BlackElo "2239"]
[PlyCount "66"]
[EventDate "2022.??.??"]

1. d4 Nf6 2. Nf3 d5 3. e3 Bf5 4. c4 e6 5. Nc3 c6 6. Nh4 Bg4 7. Nf3 Nbd7 8. h3 Bh5 9. cxd5 exd5 10. Be2 Bd6 11. Qc2 Qe7 12. Nh4 Bg6 13. Nf5 Bxf5 14. Qxf5 Qe6 15. Qxe6+ fxe6 16. O-O e5 17. dxe5 Bxe5 18. Bd2 O-O 19. Bf3 Nc5 20. Rab1 Rad8 21. Rfd1 Ne6 22. b4 Rf7 23. Be1 Rfd7 24. Kf1 Kf7 25. Na4 b6 26. Rbc1 Rd6 27. Nc3 d4 28. Ne4 Nxe4 29. Bxe4 c5 30. exd4 Rxd4 31. Rxd4 Rxd4 32. Bf5 Nf4 33. bxc5 g6 1/2-1/2

[Event "OLNO 2223 USC Viadrina Frankfurt/O - SC"]
[Site "?"]
[Date "2022.12.11"]
[Round "3.8"]
[White "Krannich, Sven"]
[Black "Freyberg, Dominic"]
[Result "0-1"]
[WhiteElo "1904"]
[BlackElo "2122"]
[PlyCount "50"]
[EventDate "2022.??.??"]

1. b4 Nf6 2. Bb2 d5 3. e3 Bf5 4. Nf3 e6 5. b5 Be7 6. c4 O-O 7. Be2 dxc4 8. Bxc4 Nd5 9. Qb3 Nd7 10. Ba3 Nc5 11. Bxc5 Bxc5 12. Bxd5 exd5 13. d4 Bd6 14. Nc3 c6 15. O-O Qa5 16. a4 a6 17. Rfc1 axb5 18. axb5 Qxa1 19. Rxa1 Rxa1+ 20. Nd1 Rfa8 21. g4 Rb1 22. Qc3 Ra3 23. Qd2 Raa1 24. Kg2 Rxd1 25. Qc3 Be4 0-1

[Event "OLNO 2223 SAV Torgelow-Drögeheide 90 -"]
[Site "?"]
[Date "2022.12.11"]
[Round "3.1"]
[White "Glek, Igor"]
[Black "Grossmann, Piet"]
[Result "1-0"]
[WhiteElo "2448"]
[BlackElo "2004"]
[PlyCount "65"]
[EventDate "2022.??.??"]

1. e4 e6 2. d3 d5 3. Qe2 Nf6 4. Nf3 c5 5. g3 Be7 6. Bg2 Nc6 7. O-O O-O 8. e5 Nd7 9. c4 d4 10. h4 Re8 11. Re1 f6 12. exf6 Bxf6 13. Nbd2 Qe7 14. Ne4 Nf8 15. Nh2 e5 16. h5 Be6 17. h6 Ng6 18. hxg7 Kxg7 19. Ng4 Bxg4 20. Qxg4 Nb4 21. Qd1 Rac8 22. a3 Nc6 23. b4 cxb4 24. axb4 Nxb4 25. Rxa7 Nc6 26. Ra1 Ra8 27. Rb1 Ra7 28. Re2 Rb8 29. Reb2 Ra6 30. Rb5 Nd8 31. Rb6 Rxb6 32. Rxb6 Nc6 33. Nxf6 1-0

[Event "OLNO 2223 SAV Torgelow-Drögeheide 90 -"]
[Site "?"]
[Date "2022.12.11"]
[Round "3.2"]
[White "Schmekel, Florian"]
[Black "Glantz, Robert"]
[Result "0-1"]
[WhiteElo "2106"]
[BlackElo "2342"]
[PlyCount "62"]
[EventDate "2022.??.??"]

1. d4 d6 2. c4 e5 3. d5 f5 4. e4 fxe4 5. Ne2 Nf6 6. Ng3 Be7 7. Nc3 O-O 8. Ngxe4 Nxe4 9. Nxe4 Bf5 10. Bd3 Nd7 11. O-O Qe8 12. Ng3 Bg6 13. Qc2 Bxd3 14. Qxd3 h5 15. Be3 h4 16. Ne4 Qg6 17. h3 Kh8 18. f3 a5 19. a4 Rf5 20. Qd2 b6 21. Rae1 Raf8 22. Kh1 Nf6 23. Ng5 Nxd5 24. cxd5 Bxg5 25. Bxg5 Rxg5 26. Rc1 Rgf5 27. Rfe1 Rf4 28. Rxc7 e4 29. Rc8 exf3 30. Re6 Qxg2+ 31. Qxg2 fxg2+ 0-1

[Event "OLNO 2223 SAV Torgelow-Drögeheide 90 -"]
[Site "?"]
[Date "2022.12.11"]
[Round "3.3"]
[White "Strache, Michael"]
[Black "Korbal, Arkadiusz"]
[Result "1-0"]
[WhiteElo "2286"]
[BlackElo "2055"]
[PlyCount "79"]
[EventDate "2022.??.??"]

1. e4 c5 2. c3 d5 3. exd5 Qxd5 4. Nf3 Nf6 5. Na3 e6 6. Be2 Be7 7. O-O O-O 8. d4 cxd4 9. Nb5 Qd8 10. Nbxd4 b6 11. Ne5 Bb7 12. Bf3 Qc8 13. Bg5 Rd8 14. Re1 Bxf3 15. Qxf3 Nbd7 16. Nec6 Re8 17. Nxe7+ Rxe7 18. Nf5 Re8 19. Nd6 Qc5 20. Nxe8 Rxe8 21. Be3 Qb5 22. Qe2 Qc6 23. a4 Nd5 24. Qb5 Qc8 25. Rad1 a6 26. Qe2 Qb7 27. c4 Nxe3 28. Qxe3 a5 29. Qg5 Qc7 30. Qb5 Re7 31. b4 axb4 32. Qxb4 Re8 33. Rd6 Rb8 34. Red1 Nf8 35. Qb5 h6 36. h3 Kh7 37. Rc6 Qa7 38. Rb1 Nd7 39. Rd6 Nf6 40. c5 1-0

[Event "OLNO 2223 SAV Torgelow-Drögeheide 90 -"]
[Site "?"]
[Date "2022.12.11"]
[Round "3.5"]
[White "Dathe, Frederick"]
[Black "Bauer, Norbert"]
[Result "1-0"]
[WhiteElo "2089"]
[BlackElo "2036"]
[PlyCount "107"]
[EventDate "2022.??.??"]

1. c4 c5 2. g3 Nf6 3. Bg2 e6 4. Nf3 Nc6 5. O-O Be7 6. b3 O-O 7. Bb2 Qc7 8. Nc3 a6 9. Rc1 d6 10. d4 cxd4 11. Nxd4 Nxd4 12. Qxd4 Rb8 13. Rfd1 Rd8 14. e4 b6 15. h3 Bb7 16. Qe3 Bf8 17. Kh2 Ba8 18. f4 Nd7 19. Rd2 Bc6 20. Nd5 Qb7 21. Nb4 e5 22. Rcd1 Re8 23. f5 Nc5 24. Nd5 Bxd5 25. Rxd5 b5 26. cxb5 axb5 27. a3 Rec8 28. Bf1 Qa8 29. R1d2 b4 30. a4 Nd7 31. Rb5 Nf6 32. Rxb8 Rxb8 33. Bd3 Rc8 34. Rc2 Qb7 35. Bc4 Ra8 36. Rd2 Nd7 37. Rd5 Nc5 38. Qe2 Be7 39. Bc1 Rc8 40. Bd2 Qb6 41. Be3 h6 42. Qh5 Rf8 43. Bxc5 dxc5 44. Rd7 Qf6 45. Qg6 Rd8 46. Qxf6 Bxf6 47. Bxf7+ Kf8 48. Rxd8+ Bxd8 49. Bc4 Ke7 50. Kg2 Kf6 51. Kf3 Kg5 52. Ke3 h5 53. Kd3 h4 54. gxh4+ 1-0

[Event "OLNO 2223 SAV Torgelow-Drögeheide 90 -"]
[Site "?"]
[Date "2022.12.11"]
[Round "3.6"]
[White "Ehlers, Michael"]
[Black "Moritz, Aron"]
[Result "0-1"]
[WhiteElo "1943"]
[BlackElo "2222"]
[PlyCount "86"]
[EventDate "2022.??.??"]

1. Nf3 Nf6 2. g3 g6 3. Bg2 Bg7 4. O-O O-O 5. d4 d6 6. c4 c6 7. Nc3 Nbd7 8. e4 e5 9. Re1 Qa5 10. dxe5 dxe5 11. Bd2 Qc7 12. b4 Rd8 13. Qe2 Nf8 14. Rad1 Bg4 15. h3 Bxf3 16. Qxf3 a5 17. b5 Ne6 18. Ne2 Nd7 19. Qc3 Bf8 20. Qb2 Nb6 21. Rc1 Nc5 22. Bg5 Rd7 23. Red1 Nd3 24. Rxd3 Rxd3 25. c5 Na4 26. Qb1 Qd7 27. bxc6 bxc6 28. Qc2 Nxc5 29. Be3 Na6 30. Qxc6 Qxc6 31. Rxc6 Nb4 32. Rc7 Nxa2 33. Bg5 a4 34. f4 Bd6 35. Rc4 Kg7 36. fxe5 Bxe5 37. Bf4 f6 38. Rc5 a3 39. Bxe5 fxe5 40. Rxe5 Nc3 41. Nxc3 Rxc3 42. Re7+ Kh6 43. e5 a2 0-1

[Event "OLNO 2223 SAV Torgelow-Drögeheide 90 -"]
[Site "?"]
[Date "2022.12.11"]
[Round "3.7"]
[White "Dubessay, Bastien"]
[Black "Bress, Aaron"]
[Result "1-0"]
[WhiteElo "2314"]
[BlackElo "1828"]
[PlyCount "61"]
[EventDate "2022.??.??"]

1. d4 c6 2. c4 d5 3. Nf3 Nf6 4. Nc3 dxc4 5. a4 Bf5 6. e3 e6 7. Bxc4 Bb4 8. O-O Nbd7 9. Qe2 Bg4 10. e4 O-O 11. e5 Nd5 12. Nxd5 cxd5 13. Bd3 Be7 14. h3 Bh5 15. g4 Bg6 16. Bxg6 hxg6 17. h4 Rc8 18. Bg5 Nb6 19. a5 Na8 20. Kg2 Nc7 21. Rh1 a6 22. Rh3 Nb5 23. Rah1 Rc4 24. h5 Bxg5 25. Nxg5 Qxg5 26. hxg6 Qh6 27. Rxh6 gxh6 28. Qe3 Rxd4 29. Qxh6 Rxg4+ 30. Kf1 fxg6 31. Qh7# 1-0

[Event "OLNO 2223 SK König Tegel II - Greifswa"]
[Site "?"]
[Date "2022.12.11"]
[Round "3.1"]
[White "Stubbe, Wilko"]
[Black "Jahnz, Fabian"]
[Result "1/2-1/2"]
[WhiteElo "2193"]
[BlackElo "2278"]
[PlyCount "100"]
[EventDate "2022.??.??"]

1. Nf3 d5 2. g3 g6 3. Bg2 Bg7 4. O-O e5 5. d3 Nc6 6. c3 Nge7 7. e4 O-O 8. Qc2 h6 9. Re1 Be6 10. b4 a6 11. Bb2 dxe4 12. dxe4 Nc8 13. Nbd2 Nd6 14. a3 Qe7 15. Nf1 Rad8 16. Ne3 f5 17. exf5 gxf5 18. Rad1 Qf7 19. c4 f4 20. gxf4 exf4 21. Nf1 Bf5 22. Qc1 Bxb2 23. Qxb2 Nxc4 24. Qc3 Bg4 25. Rxd8 Rxd8 26. h3 Bf5 27. Nh4 Be6 28. Nh2 Nd4 29. Ng4 Bxg4 30. hxg4 Nb6 31. Nf3 Nxf3+ 32. Bxf3 c6 33. Qe5 Nd5 34. Bxd5 Rxd5 35. Qb8+ Kg7 36. Re4 Rd1+ 37. Kh2 Qf6 38. Qxb7+ Kg6 39. Qe7 Qxe7 40. Rxe7 Rd3 41. Re5 Rxa3 42. Rf5 Ra4 43. Rc5 Rxb4 44. Rxc6+ Kg5 45. Rxa6 Kxg4 46. Kg2 f3+ 47. Kh2 h5 48. Rg6+ Kf5 49. Ra6 h4 50. Kh3 Rb2 1/2-1/2

[Event "OLNO 2223 SK König Tegel II - Greifswa"]
[Site "?"]
[Date "2022.12.11"]
[Round "3.2"]
[White "Rosmann, Ilja"]
[Black "Teschke, Olaf"]
[Result "1-0"]
[WhiteElo "2302"]
[BlackElo "2216"]
[PlyCount "61"]
[EventDate "2022.??.??"]

1. e4 e6 2. d4 d5 3. e5 c5 4. c3 Qb6 5. a3 Bd7 6. b4 cxd4 7. cxd4 Bb5 8. Bxb5+ Qxb5 9. Nc3 Qc4 10. Nge2 a5 11. Qa4+ Nd7 12. Bd2 Ra6 13. bxa5 Qxa4 14. Nxa4 Ne7 15. Rb1 Nc6 16. Rxb7 Nxa5 17. Bxa5 Rxa5 18. Nec3 Bxa3 19. Ke2 Be7 20. Ra1 Bd8 21. Nb5 Nb6 22. Nd6+ Kf8 23. Rxf7+ Kg8 24. Nc5 Rxa1 25. Nxe6 Ra2+ 26. Kd1 Ra1+ 27. Kc2 Ra2+ 28. Kb1 Rb2+ 29. Kxb2 Nc4+ 30. Ka2 Nxd6 31. Rf8# 1-0

[Event "OLNO 2223 SK König Tegel II - Greifswa"]
[Site "?"]
[Date "2022.12.11"]
[Round "3.3"]
[White "Leisner, Hannes"]
[Black "Acikel, Mert"]
[Result "0-1"]
[WhiteElo "2171"]
[BlackElo "2234"]
[PlyCount "56"]
[EventDate "2022.??.??"]

1. Nf3 d5 2. c4 e6 3. b3 Nf6 4. g3 Be7 5. Bg2 d4 6. O-O Nc6 7. e3 e5 8. exd4 exd4 9. Ba3 O-O 10. Bxe7 Qxe7 11. Re1 Qc5 12. d3 Bf5 13. a3 a5 14. Ra2 Rfe8 15. Rae2 Rxe2 16. Rxe2 h6 17. Ne1 Bg4 18. Bf3 Qh5 19. Bxg4 Nxg4 20. h4 g5 21. Ng2 Nge5 22. Nd2 Kg7 23. f4 Nxd3 24. fxg5 Re8 25. gxh6+ Kh7 26. g4 Qxg4 27. Qf1 Rxe2 28. Qxf7+ Kxh6 0-1

[Event "OLNO 2223 SK König Tegel II - Greifswa"]
[Site "?"]
[Date "2022.12.11"]
[Round "3.4"]
[White "Dimitrijeski, Boris"]
[Black "Stopsack, Malte"]
[Result "1-0"]
[WhiteElo "2211"]
[BlackElo "2199"]
[PlyCount "53"]
[EventDate "2022.??.??"]

1. d4 Nf6 2. c4 g6 3. Nc3 Bg7 4. e4 d6 5. Be2 O-O 6. Nf3 e5 7. d5 a5 8. Bg5 Na6 9. Nd2 Qe8 10. O-O Kh8 11. a3 Bd7 12. b3 Ng8 13. Qb1 Bh6 14. Bxh6 Nxh6 15. b4 f5 16. c5 axb4 17. axb4 Qe7 18. c6 bxc6 19. Rxa6 Rxa6 20. Bxa6 fxe4 21. Ndxe4 cxd5 22. Nxd5 Qd8 23. Qc1 Ng4 24. Qxc7 Qh4 25. h3 Bf5 26. hxg4 Bxe4 27. Qxd6 1-0

[Event "OLNO 2223 SK König Tegel II - Greifswa"]
[Site "?"]
[Date "2022.12.11"]
[Round "3.5"]
[White "Hertel, Johannes"]
[Black "Wierzbicki, Jirawat"]
[Result "0-1"]
[WhiteElo "2005"]
[BlackElo "2159"]
[PlyCount "62"]
[EventDate "2022.??.??"]

1. d4 d5 2. c4 dxc4 3. e3 e5 4. Bxc4 exd4 5. exd4 Bd6 6. Nf3 Nf6 7. O-O O-O 8. Qc2 Nc6 9. h3 Nb4 10. Qb3 Bf5 11. Na3 c6 12. Bg5 b5 13. Be2 Be6 14. Qc3 h6 15. Bh4 g5 16. Bg3 Ne4 17. Qe1 Bxg3 18. fxg3 Qd6 19. Bxb5 Nxg3 20. Nc4 Bxc4 21. Bxc4 Nxf1 22. Qxf1 Nc2 23. Rc1 Nxd4 24. Qd3 Nxf3+ 25. Qxf3 Rad8 26. Bb3 Kg7 27. Rxc6 Qd4+ 28. Kh1 Rd6 29. Rc4 Qxb2 30. Qe4 Re6 31. Qg4 Re1+ 0-1

[Event "OLNO 2223 SK König Tegel II - Greifswa"]
[Site "?"]
[Date "2022.12.11"]
[Round "3.6"]
[White "Niehaus, Frank"]
[Black "Lange, Jannis"]
[Result "1/2-1/2"]
[WhiteElo "2089"]
[BlackElo "2094"]
[PlyCount "82"]
[EventDate "2022.??.??"]

1. d4 Nf6 2. Bg5 Ne4 3. h4 c5 4. dxc5 Qa5+ 5. Nd2 Nxd2 6. Qxd2 Qxc5 7. Rh3 Nc6 8. O-O-O h6 9. Be3 Qc4 10. Kb1 d6 11. Rg3 e5 12. Qd3 Qxh4 13. Nf3 Qf6 14. Bc1 Be6 15. e4 Qd8 16. a3 Rc8 17. Qb5 Qc7 18. Nd2 a6 19. Qa4 Qa5 20. Qxa5 Nxa5 21. b3 g5 22. Be2 Ke7 23. Nf1 Bg7 24. Rgd3 Rc6 25. Bd2 b6 26. Bxa5 bxa5 27. Ne3 Rb8 28. Nd5+ Kd7 29. Kb2 f5 30. f3 Bf8 31. Rc3 Rxc3 32. Kxc3 Rc8+ 33. Kb2 Rc6 34. c4 Ke8 35. b4 axb4 36. axb4 Kd7 37. b5 axb5 38. cxb5 Rc5 39. Nb6+ Kd8 40. Na4 Rc8 41. Nc3 Rb8 1/2-1/2